[Event "BL 1415 Werder Bremen - Hamburger SK"]
[Site "?"]
[Date "2014.10.18"]
[Round "1.1"]
[White "Svane, Rasmus"]
[Black "Areshchenko, Alexander"]
[Result "0-1"]
[WhiteElo "2506"]
[BlackElo "2654"]
[PlyCount "62"]
[EventDate "2014.??.??"]

1. d4 Nf6 2. Bg5 Ne4 3. Bf4 c5 4. f3 Qa5+ 5. c3 Nf6 6. d5 e6 7. e4 exd5 8. exd5
d6 9. Qd2 Be7 10. c4 Qxd2+ 11. Kxd2 b5 12. Nc3 bxc4 13. Bxc4 Nbd7 14. Re1 Kd8
15. Nh3 Nb6 16. b3 h6 17. Nb5 Ne8 18. Re2 a6 19. Nc3 g5 20. Rhe1 Ra7 21. Be3
Ng7 22. Bd3 Nf5 23. Bxf5 Bxf5 24. Nf2 Bg6 25. f4 f6 26. Kc1 Bf7 27. Rd1 f5 28.
Bd2 Bh5 29. Re6 Bxd1 30. Nfxd1 Kd7 31. Ne3 Nxd5 0-1

[Event "BL 1415 Werder Bremen - Hamburger SK"]
[Site "?"]
[Date "2014.10.18"]
[Round "1.2"]
[White "McShane, Luke J"]
[Black "Hansen, Sune Berg"]
[Result "1-0"]
[WhiteElo "2670"]
[BlackElo "2572"]
[PlyCount "129"]
[EventDate "2014.??.??"]

1. e4 e5 2. Nf3 Nc6 3. Bb5 Nf6 4. d3 d6 5. c3 Be7 6. Nbd2 O-O 7. O-O Bd7 8. Re1
Re8 9. Nf1 h6 10. Ng3 Bf8 11. Ba4 Ne7 12. d4 Ng6 13. Bc2 c5 14. d5 b5 15. a4 a6
16. Be3 Qc7 17. h3 Reb8 18. Nh2 Qd8 19. Qd2 Be7 20. Nf5 bxa4 21. Ra2 Rb6 22.
Qd1 Rab8 23. Bc1 Nf4 24. Ng4 Nxg4 25. hxg4 Bg5 26. Bxa4 Bxf5 27. exf5 c4 28.
Bxf4 Bxf4 29. g3 Bg5 30. Qc2 Qc7 31. Bc6 Rb3 32. Re2 Qb6 33. Kg2 a5 34. Qd1 Qc5
35. Qa1 Bd8 36. Rd2 Qa7 37. Qe1 Qc5 38. Qe4 Bg5 39. Rc2 R3b6 40. Ba4 R6b7 41.
Kh3 Bf6 42. Bc6 Rb3 43. Qh1 Qb6 44. Re2 Qc5 45. Qa1 Bd8 46. Kh2 Qa7 47. Kg2 Qc5
48. Qd1 Bf6 49. Qd2 Qa7 50. Kh2 Qc5 51. f4 exf4 52. gxf4 Qa7 53. Qe1 Rf8 54.
Qg1 Qxg1+ 55. Kxg1 Rfb8 56. Kf2 g5 57. fxg6 fxg6 58. Kf3 Rf8 59. Re4 g5 60. f5
Be5 61. Rxe5 dxe5 62. Ke4 Rfb8 63. Kxe5 Rxb2 64. Rxa5 Rd8 65. Kf6 1-0

[Event "BL 1415 Werder Bremen - Hamburger SK"]
[Site "?"]
[Date "2014.10.18"]
[Round "1.3"]
[White "Ftacnik, Lubomir"]
[Black "Hracek, Zbynek"]
[Result "1/2-1/2"]
[WhiteElo "2557"]
[BlackElo "2646"]
[PlyCount "47"]
[EventDate "2014.??.??"]

1. Nf3 Nf6 2. c4 b6 3. g3 c5 4. Bg2 Bb7 5. O-O g6 6. Nc3 Bg7 7. d4 cxd4 8. Qxd4
d6 9. Rd1 Nbd7 10. Be3 Nc5 11. Rac1 O-O 12. Qh4 Nce4 13. Nxe4 Bxe4 14. Bd4 Re8
15. Bxf6 exf6 16. Nd4 Bxg2 17. Kxg2 Qd7 18. Qf4 f5 19. Qf3 Qa4 20. b3 Qxa2 21.
Ra1 Qb2 22. Rab1 Qa2 23. Ra1 Qb2 24. Rab1 1/2-1/2

[Event "BL 1415 Werder Bremen - Hamburger SK"]
[Site "?"]
[Date "2014.10.18"]
[Round "1.4"]
[White "Babula, Vlastimil"]
[Black "Rogozenco, Dorian"]
[Result "1/2-1/2"]
[WhiteElo "2548"]
[BlackElo "2508"]
[PlyCount "48"]
[EventDate "2014.??.??"]

1. d4 Nf6 2. c4 e6 3. Nf3 d5 4. Nc3 dxc4 5. e4 Bb4 6. Bg5 c5 7. e5 cxd4 8. Qa4+
Nc6 9. O-O-O Bd7 10. Ne4 Be7 11. exf6 gxf6 12. Bh4 a6 13. Qxc4 e5 14. Nxe5 Nxe5
15. Qxd4 Qc7+ 16. Kb1 Bf5 17. Be2 Rd8 18. Qe3 O-O 19. Rc1 Qd6 20. Ka1 Bxe4 21.
Qxe4 f5 22. Qf4 Bxh4 23. Qxh4 Ng6 24. Qg5 Qb6 1/2-1/2

[Event "BL 1415 Werder Bremen - Hamburger SK"]
[Site "?"]
[Date "2014.10.18"]
[Round "1.6"]
[White "Smerdon, David"]
[Black "Lampert, Jonas"]
[Result "1/2-1/2"]
[WhiteElo "2506"]
[BlackElo "2442"]
[PlyCount "104"]
[EventDate "2014.??.??"]

1. e4 e5 2. Nf3 Nc6 3. Nc3 Nf6 4. d4 exd4 5. Nxd4 Bc5 6. Be3 Bb6 7. Nxc6 bxc6
8. Bg5 d6 9. Bc4 h6 10. Bh4 Qe7 11. O-O O-O 12. Kh1 g5 13. Bg3 Nxe4 14. Nxe4
Qxe4 15. Bd3 Qg4 16. f3 Qd4 17. f4 f5 18. Qf3 Bd7 19. c3 g4 20. Qxc6 Bxc6 21.
cxd4 Bxd4 22. Rac1 Be4 23. Bxe4 fxe4 24. Rxc7 Bxb2 25. Rd1 Rad8 26. Bh4 Bf6 27.
Bxf6 Rxf6 28. Re7 Rxf4 29. g3 Kf8 30. Re6 Kf7 31. Rxh6 Rf6 32. Rh4 Rg8 33. Rd4
Re6 34. Kg2 e3 35. Rf4+ Rf6 36. Rh7+ Kg6 37. Re7 Rxf4 38. gxf4 Kf5 39. Rxe3
Kxf4 40. Re7 a5 41. Rf7+ Ke4 42. Ra7 d5 43. Rxa5 d4 44. Ra7 Ke3 45. Re7+ Kd2
46. a4 d3 47. a5 Kc1 48. Rc7+ Kd1 49. a6 Re8 50. a7 d2 51. Re7 Rc8 52. Rc7 Re8
1/2-1/2

[Event "BL 1415 Werder Bremen - Hamburger SK"]
[Site "?"]
[Date "2014.10.18"]
[Round "1.7"]
[White "Heinemann, Thies"]
[Black "Meins, Gerlef"]
[Result "1/2-1/2"]
[WhiteElo "2473"]
[BlackElo "2439"]
[PlyCount "75"]
[EventDate "2014.??.??"]

1. e4 c5 2. Nf3 Nc6 3. Bb5 d6 4. Bxc6+ bxc6 5. O-O Bg4 6. h3 Bh5 7. c3 e6 8. d4
cxd4 9. cxd4 Nf6 10. Nbd2 Be7 11. Qa4 Qc7 12. Re1 O-O 13. b3 Bxf3 14. Nxf3 d5
15. exd5 cxd5 16. Ba3 Bxa3 17. Qxa3 Rfc8 18. Rac1 Qb7 19. Ne5 Ne4 20. Rxc8+
Rxc8 21. Rc1 h6 22. Nd3 Rc3 23. Nc5 Rxc1+ 24. Qxc1 Qb4 25. Nxe4 dxe4 26. Qe3 f5
27. f3 Qa3 28. fxe4 Qxa2 29. Kh2 fxe4 30. Qxe4 Qxb3 31. Qa8+ Kh7 32. Qxa7 Qe3
33. Qf7 Qe4 34. Kg3 Qe3+ 35. Kh2 Qe4 36. Kg3 Qd3+ 37. Kh2 Qxd4 38. Qxe6 1/2-1/2

[Event "BL 1415 Werder Bremen - Hamburger SK"]
[Site "?"]
[Date "2014.10.18"]
[Round "1.8"]
[White "Fish, Gennadij"]
[Black "Carlstedt, Jonathan"]
[Result "1/2-1/2"]
[WhiteElo "2466"]
[BlackElo "2440"]
[PlyCount "87"]
[EventDate "2014.??.??"]

1. d4 Nf6 2. c4 e6 3. Nc3 Bb4 4. e3 O-O 5. Bd3 d5 6. Nf3 c5 7. O-O Nc6 8. a3
Bxc3 9. bxc3 dxc4 10. Bxc4 Qc7 11. Bb2 e5 12. h3 e4 13. Nd2 Bf5 14. Bb5 a6 15.
Bxc6 Qxc6 16. c4 Rad8 17. Qe2 Rfe8 18. Rab1 b6 19. Rfd1 Bg6 20. Nf1 Rb8 21. Ng3
Nd7 22. h4 h6 23. Rbc1 cxd4 24. exd4 Qe6 25. h5 Bh7 26. Re1 f5 27. Qe3 Qf7 28.
Qf4 Rbc8 29. f3 exf3 30. Rxe8+ Rxe8 31. Qxf3 f4 32. Ne2 Re3 33. Qf2 Rb3 34. Bc3
Qxh5 35. Nxf4 Qg4 36. Qe3 Nf6 37. Qe6+ Qxe6 38. Nxe6 Kf7 39. d5 Rxa3 40. Bd4
Rb3 41. Nxg7 Rb1 42. Rxb1 Bxb1 43. Ne6 Nd7 44. c5 1/2-1/2

[Event "BL 1415 Turm Emsdetten - SSC Rostock"]
[Site "?"]
[Date "2014.10.18"]
[Round "1.1"]
[White "Tomczak, Jacek"]
[Black "Mchedlishvili, Mikheil"]
[Result "1/2-1/2"]
[WhiteElo "2560"]
[BlackElo "2609"]
[PlyCount "48"]
[EventDate "2014.??.??"]

1. e4 c6 2. d4 d5 3. exd5 cxd5 4. c4 Nf6 5. Nc3 e6 6. Nf3 Bb4 7. Bd3 dxc4 8.
Bxc4 O-O 9. O-O b6 10. Ne5 Bb7 11. Bg5 h6 12. Bh4 Nbd7 13. Qb3 Bxc3 14. bxc3
Nxe5 15. dxe5 g5 16. Rad1 Qc7 17. exf6 gxh4 18. Rfe1 Qf4 19. Bxe6 fxe6 20.
Qxe6+ Kh8 21. Qe7 Qxf6 22. Qxb7 Qxf2+ 23. Kh1 Rae8 24. Rxe8 Rxe8 1/2-1/2

[Event "BL 1415 Turm Emsdetten - SSC Rostock"]
[Site "?"]
[Date "2014.10.18"]
[Round "1.3"]
[White "Rudolf, Henrik"]
[Black "Ipatov, Alexander"]
[Result "1/2-1/2"]
[WhiteElo "2357"]
[BlackElo "2607"]
[PlyCount "70"]
[EventDate "2014.??.??"]

1. e4 g6 2. d4 Bg7 3. Nc3 a6 4. Nf3 d6 5. Bf4 Bg4 6. Be2 Nc6 7. d5 Bxf3 8. Bxf3
Nd4 9. O-O e5 10. dxe6 Nxe6 11. Be3 Ne7 12. Qd2 O-O 13. Rae1 Qd7 14. Bh6 Rad8
15. Bxg7 Kxg7 16. Nd5 c6 17. Qc3+ f6 18. Ne3 Ng5 19. Bg4 Qc7 20. Nc4 d5 21.
exd5 Nxd5 22. Qb3 Rfe8 23. h4 Ne4 24. Bf3 Nc5 25. Qa3 Ne6 26. Ne3 Nxe3 27. Rxe3
Nd4 28. Rfe1 Nxc2 29. Re7+ Kh6 30. Qc5 b6 31. R1e4 bxc5 32. Rxc7 Nd4 33. Rxe8
Rxe8 34. Bxc6 Re1+ 35. Kh2 Nxc6 1/2-1/2

[Event "BL 1415 Turm Emsdetten - SSC Rostock"]
[Site "?"]
[Date "2014.10.18"]
[Round "1.4"]
[White "Grandelius, Nils"]
[Black "Gruenberg, Hans-Ulrich"]
[Result "1/2-1/2"]
[WhiteElo "2569"]
[BlackElo "2377"]
[PlyCount "85"]
[EventDate "2014.??.??"]

1. Nf3 Nf6 2. c4 g6 3. g3 Bg7 4. Bg2 O-O 5. Nc3 d6 6. O-O a6 7. d4 Nc6 8. d5
Na5 9. b3 c5 10. dxc6 bxc6 11. Nd4 Bb7 12. Bb2 Rb8 13. Rb1 c5 14. Nc2 Bxg2 15.
Kxg2 e6 16. Qd3 Qc7 17. Rfd1 Rfd8 18. Qf3 Qb7 19. e4 Qe7 20. Na4 e5 21. Nc3 Nc6
22. Ne3 Nd4 23. Ncd5 Qe6 24. Nxf6+ Bxf6 25. Bxd4 exd4 26. Nd5 Bg7 27. Qd3 Rb7
28. f4 Re8 29. Re1 a5 30. Qf3 Reb8 31. h4 a4 32. h5 axb3 33. Rxb3 Rxb3 34. axb3
Ra8 35. Re2 Ra1 36. f5 Qe5 37. Nf4 g5 38. Nd3 Qe7 39. Rb2 h6 40. b4 cxb4 41.
Rxb4 Bf6 42. Rb3 Kg7 43. Qe2 1/2-1/2

[Event "BL 1415 Turm Emsdetten - SSC Rostock"]
[Site "?"]
[Date "2014.10.18"]
[Round "1.5"]
[White "Tomczak, Rafal"]
[Black "Pruijssers, Roeland"]
[Result "1/2-1/2"]
[WhiteElo "2374"]
[BlackElo "2511"]
[PlyCount "93"]
[EventDate "2014.??.??"]

1. e4 e5 2. Nf3 Nc6 3. Bb5 Bc5 4. O-O Nd4 5. Nxd4 Bxd4 6. c3 Bb6 7. d4 c6 8.
Ba4 d6 9. dxe5 dxe5 10. Qxd8+ Bxd8 11. Be3 Nf6 12. f3 Bb6 13. Kf2 Be6 14. Rd1
Ke7 15. Na3 Rhd8 16. Bb3 Bxe3+ 17. Kxe3 b5 18. Nc2 Rxd1 19. Rxd1 a5 20. Bxe6
Kxe6 21. a4 bxa4 22. Na3 Nd7 23. Nc4 Ra6 24. g3 g6 25. h4 f6 26. f4 Ke7 27. Rd6
h5 28. Kf3 exf4 29. gxf4 Nc5 30. e5 fxe5 31. fxe5 Ne6 32. Ne3 Kf7 33. Nd5 Nc5
34. e6+ Nxe6 35. Rxe6 Kxe6 36. Nc7+ Kd6 37. Nxa6 Kd5 38. Kf4 Kc4 39. Kg5 Kb3
40. Nc5+ Kxb2 41. Nxa4+ Kb3 42. Nb6 Kxc3 43. Kxg6 Kb4 44. Kxh5 a4 45. Nxa4 Kxa4
46. Kg4 c5 47. h5 1/2-1/2

[Event "BL 1415 Turm Emsdetten - SSC Rostock"]
[Site "?"]
[Date "2014.10.18"]
[Round "1.6"]
[White "Van Foreest, Jorden"]
[Black "Becker, Michael"]
[Result "1-0"]
[WhiteElo "2455"]
[BlackElo "2321"]
[PlyCount "55"]
[EventDate "2014.??.??"]

1. e4 c5 2. Nf3 d6 3. d4 cxd4 4. Nxd4 Nf6 5. Nc3 e5 6. Nb3 Be7 7. Bg5 O-O 8.
Bxf6 Bxf6 9. Bc4 Be6 10. Nd5 Nc6 11. c3 Rc8 12. Qd3 Bg5 13. O-O Kh8 14. Rad1
Ne7 15. Nd2 Ng6 16. Bb3 Qd7 17. g3 Bh3 18. Rfe1 f5 19. exf5 Bxd2 20. Rxd2 Rxf5
21. Ne3 Rf6 22. Nd5 Rf5 23. Qe3 Rcf8 24. Bd1 b6 25. g4 Rh5 26. gxh5 Nh4 27. f4
Qf5 28. Qg3 1-0

[Event "BL 1415 Turm Emsdetten - SSC Rostock"]
[Site "?"]
[Date "2014.10.18"]
[Round "1.7"]
[White "Ackermann, Hans Werner"]
[Black "Janssen, Ruud"]
[Result "1/2-1/2"]
[WhiteElo "2287"]
[BlackElo "2460"]
[PlyCount "150"]
[EventDate "2014.??.??"]

1. Nf3 Nf6 2. g3 b5 3. Bg2 Bb7 4. Na3 b4 5. Nc4 a5 6. d4 e6 7. Nce5 Qc8 8. O-O
Be7 9. Bg5 d6 10. Nd3 Nbd7 11. a3 c5 12. dxc5 dxc5 13. Nde5 Nxe5 14. Nxe5 Bxg2
15. Kxg2 Qb7+ 16. Kg1 O-O 17. Qd3 h6 18. Be3 Qc7 19. Nc4 Rfd8 20. Bf4 Qb7 21.
Qf3 Qxf3 22. exf3 Nd5 23. Be3 a4 24. Rfd1 g5 25. Rd3 f5 26. Rad1 f4 27. Bc1 Bf6
28. Kg2 Kf7 29. Re1 b3 30. Rd2 Ra6 31. Re4 Bd4 32. Rde2 Nf6 33. gxf4 Nxe4 34.
fxe4 Bf6 35. cxb3 axb3 36. e5 Be7 37. fxg5 hxg5 38. Re3 Ra4 39. Rc3 Rd4 40. Nb6
Ra6 41. Rxb3 Re4 42. Nc8 Bf8 43. Bxg5 Rxe5 44. Be3 Rh5 45. Nb6 Be7 46. Nc4 Ra4
47. Rc3 Rf5 48. f4 Kg8 49. Kf3 Ra8 50. Rc2 Rb8 51. Ke4 Rd5 52. Rg2+ Kh7 53. Rc2
Bf6 54. Ne5 Bxe5 55. fxe5 Rb5 56. Rf2 Ra5 57. Rf7+ Kg8 58. Rb7 Ra4+ 59. b4 Rxa3
60. Bxc5 Rh3 61. Bd6 Rh4+ 62. Ke3 Rxh2 63. Re7 Rh6 64. Ke4 Rd1 65. Ke3 Rh3+ 66.
Ke4 Rh4+ 67. Ke3 Rh6 68. Ke2 Rg1 69. Bc5 Rg5 70. Bd6 Rg3 71. Re8+ Kg7 72. Re7+
Kh8 73. Re8+ Kh7 74. Re7+ Kh8 75. Re8+ Kh7 1/2-1/2

[Event "BL 1415 Turm Emsdetten - SSC Rostock"]
[Site "?"]
[Date "2014.10.18"]
[Round "1.8"]
[White "Zumsande, Martin"]
[Black "Jeske, Eckhard"]
[Result "1/2-1/2"]
[WhiteElo "2432"]
[BlackElo "2165"]
[PlyCount "87"]
[EventDate "2014.??.??"]

1. e4 c6 2. d4 d5 3. exd5 cxd5 4. c4 Nf6 5. Nc3 dxc4 6. Bxc4 e6 7. Nf3 Nc6 8.
a3 Be7 9. O-O O-O 10. Be3 b6 11. Qd3 Bb7 12. Ba2 Nd5 13. Ne4 Nxe3 14. fxe3 Nb8
15. Rf2 Nd7 16. Rd1 Bxe4 17. Qxe4 Nf6 18. Qd3 Ng4 19. Re2 Qd6 20. h3 Nf6 21. e4
Qg3 22. Ne5 Qxd3 23. Rxd3 Rac8 24. Rd1 Rc7 25. Kf2 Rd8 26. Kf3 Kf8 27. Red2 h6
28. g3 Nd7 29. Nc4 Nf6 30. Ne3 g6 31. h4 h5 32. d5 exd5 33. e5 Ne8 34. Rxd5
Rxd5 35. Nxd5 Rc2 36. e6 fxe6 37. Nf4 Rxb2 38. Bxe6 Bc5 39. Ke4 Nf6+ 40. Ke5
Kg7 41. Bc4 Ng4+ 42. Ke6 Nf6 43. Ke5 Ng4+ 44. Ke6 1/2-1/2

[Event "BL 1415 SC Eppingen - Schachfr. Berlin"]
[Site "?"]
[Date "2014.10.18"]
[Round "1.2"]
[White "Bogner, Sebastian"]
[Black "Schneider, Ilja"]
[Result "1-0"]
[WhiteElo "2599"]
[BlackElo "2488"]
[PlyCount "63"]
[EventDate "2014.??.??"]

1. d4 d5 2. c4 c6 3. Nf3 Nf6 4. Nc3 a6 5. e3 b5 6. b3 Bg4 7. Be2 Nbd7 8. h3 Bh5
9. O-O e6 10. Bb2 Bd6 11. Ne5 Bxe2 12. Nxe2 bxc4 13. bxc4 O-O 14. Rc1 Qb8 15.
Nd3 Nb6 16. c5 Bh2+ 17. Kh1 Nc4 18. Rb1 Ne4 19. Bc3 Qc7 20. Qe1 e5 21. dxe5
Nxe5 22. Nb2 Rab8 23. f4 Nc4 24. Nxc4 Bg3 25. Qc1 Rxb1 26. Qxb1 Nxc3 27. Nxc3
dxc4 28. Ne4 Bh4 29. Qb4 f5 30. Nd6 Qe7 31. Qxc4+ Kh8 32. Qxa6 1-0

[Event "BL 1415 SC Eppingen - Schachfr. Berlin"]
[Site "?"]
[Date "2014.10.18"]
[Round "1.3"]
[White "Dann, Matthias"]
[Black "Postny, Evgeny"]
[Result "0-1"]
[WhiteElo "2452"]
[BlackElo "2652"]
[PlyCount "130"]
[EventDate "2014.??.??"]

1. e4 e5 2. Nf3 Nc6 3. Bb5 a6 4. Ba4 Nf6 5. O-O Be7 6. Re1 b5 7. Bb3 d6 8. c3
O-O 9. h3 Nb8 10. d4 Nbd7 11. Nbd2 Bb7 12. Bc2 c5 13. d5 c4 14. b3 cxb3 15.
axb3 Qc7 16. c4 b4 17. Nf1 Rfb8 18. Ng3 g6 19. Bh6 a5 20. Qd2 Ne8 21. Ng5 Bc8
22. Rab1 Nc5 23. f4 f6 24. Nf3 Bf8 25. Bxf8 Kxf8 26. Qe3 Kg8 27. Kh2 a4 28.
fxe5 dxe5 29. bxa4 Bd7 30. Nd2 Bxa4 31. Bxa4 Rxa4 32. Nb3 Nxb3 33. Rxb3 Qxc4
34. Rc1 Qa6 35. Rc6 Qa7 36. Nf1 Ra6 37. Qxa7 Rxa7 38. Ne3 Kf7 39. Nc2 Rab7 40.
Kg3 Ke7 41. Re6+ Kd7 42. Kf3 Rc8 43. Ne3 Rc3 44. Rxc3 bxc3 45. Rc6 Rc7 46.
Rxc7+ Nxc7 47. Ke2 Na6 48. Ng4 Ke7 49. d6+ Kxd6 50. Nxf6 Nc5 51. Nxh7 Nxe4 52.
Kd3 Ke7 53. h4 Kf7 54. Kc2 Kg7 55. Ng5 Nxg5 56. hxg5 Kf7 57. Kxc3 Ke6 58. Kd3
Kf5 59. Ke3 Kxg5 60. Ke4 Kf6 61. Ke3 Kf5 62. Kf3 e4+ 63. Ke3 Ke5 64. Ke2 Kf4
65. Kf2 g5 0-1

[Event "BL 1415 SC Eppingen - Schachfr. Berlin"]
[Site "?"]
[Date "2014.10.18"]
[Round "1.4"]
[White "Medvegy, Zoltan"]
[Black "Lauber, Arnd"]
[Result "1-0"]
[WhiteElo "2510"]
[BlackElo "2441"]
[PlyCount "81"]
[EventDate "2014.??.??"]

1. c4 e6 2. g3 Nf6 3. Nf3 d5 4. Bg2 d4 5. O-O c5 6. e3 Nc6 7. exd4 cxd4 8. Re1
Bd6 9. d3 h6 10. Na3 O-O 11. Nc2 e5 12. b4 Re8 13. c5 Bc7 14. b5 Nb8 15. Na3
Nbd7 16. Qc2 Nf8 17. Bd2 Ng6 18. Nc4 Bf5 19. Qb3 Be6 20. a4 Bd5 21. Bb4 Qd7 22.
Rac1 Nh5 23. Nfd2 Nhf4 24. gxf4 Bxg2 25. Kxg2 Nh4+ 26. Kh1 Qh3 27. Rg1 exf4 28.
Qd1 Re2 29. Qf1 Qe6 30. Re1 f3 31. Nxf3 Rxe1 32. Nxe1 Qd5+ 33. f3 Re8 34. Qf2
Qh5 35. Nd6 Re3 36. Qg3 Ng6 37. Qg4 Qd5 38. Qc8+ Kh7 39. Qf5 Qa2 40. Qxf7 Re6
41. Rxg6 1-0

[Event "BL 1415 SC Eppingen - Schachfr. Berlin"]
[Site "?"]
[Date "2014.10.18"]
[Round "1.5"]
[White "Berndt, Stephan"]
[Black "Guliyev, Namig"]
[Result "1-0"]
[WhiteElo "2441"]
[BlackElo "2556"]
[PlyCount "93"]
[EventDate "2014.??.??"]

1. e4 c5 2. Nf3 d6 3. d4 cxd4 4. Nxd4 Nf6 5. Nc3 a6 6. Bc4 e6 7. Bb3 Nbd7 8.
Qe2 Nc5 9. Bg5 h6 10. Bh4 Be7 11. O-O-O Qc7 12. Bg3 b5 13. e5 dxe5 14. Bxe5 Qb7
15. f4 O-O 16. g4 b4 17. g5 hxg5 18. fxg5 Nh7 19. Na4 Nxb3+ 20. axb3 Bxg5+ 21.
Kb1 f6 22. Bd6 Rd8 23. Nf3 Qb5 24. Qe4 Bb7 25. Qxe6+ Kh8 26. Rhf1 Re8 27. Qh3
Re3 28. Bc5 Bxf3 29. Rxf3 Qe2 30. Rd3 Re4 31. Qf5 Bh6 32. Rf2 Qe1+ 33. Ka2 Rae8
34. Rf1 Qh4 35. Rfd1 Qxh2 36. Rd8 Qe2 37. R1d7 Ng5 38. Qg6 Nh7 39. Bxb4 R4e6
40. Nc3 Qe5 41. Nd5 f5 42. Rxe8+ Rxe8 43. Bc3 Nf8 44. Qf7 Nxd7 45. Bxe5 Rxe5
46. Qxd7 Kh7 47. Qf7 1-0

[Event "BL 1415 SC Eppingen - Schachfr. Berlin"]
[Site "?"]
[Date "2014.10.18"]
[Round "1.6"]
[White "Mann, Christian  Dr"]
[Black "Moreno Tejera, Emilio"]
[Result "1/2-1/2"]
[WhiteElo "2439"]
[BlackElo "2441"]
[PlyCount "111"]
[EventDate "2014.??.??"]

1. Nf3 Nf6 2. g3 g6 3. Bg2 Bg7 4. O-O O-O 5. d3 d5 6. Nbd2 Nc6 7. e4 e5 8. Re1
Re8 9. b3 d4 10. Bb2 a5 11. Bf1 a4 12. bxa4 Nd7 13. c3 Nc5 14. cxd4 exd4 15. a5
Rxa5 16. Nb3 Nxb3 17. axb3 Rb5 18. Nd2 Be6 19. Nc4 Qe7 20. Ra4 Qd7 21. f4 Rb4
22. Ra2 Rb5 23. Be2 Nb4 24. Ra1 Na6 25. Qc2 Nb4 26. Qd2 Nc6 27. Qc2 Nb4 28. Qd2
Nc6 29. Qc2 Bf8 30. Bf3 Bb4 31. Rec1 Rc5 32. Qf2 b5 33. Ne5 Nxe5 34. fxe5 Rxc1+
35. Bxc1 Bf8 36. Bd1 Bg7 37. Bf4 c5 38. Ra6 h6 39. h4 Rc8 40. Kh2 Qb7 41. Qa2
c4 42. bxc4 bxc4 43. Ra7 Qb4 44. dxc4 Bxc4 45. Qf2 d3 46. Qd4 Rb8 47. Ra4 Qb1
48. Qxc4 Rb2+ 49. Kh3 Qxd1 50. Ra8+ Kh7 51. Qxf7 Qf1+ 52. Kg4 Qe2+ 53. Kh3 Qf1+
54. Kg4 Qd1+ 55. Kh3 Qh1+ 56. Kg4 1/2-1/2

[Event "BL 1415 SC Eppingen - Schachfr. Berlin"]
[Site "?"]
[Date "2014.10.18"]
[Round "1.7"]
[White "Abel, Dennes"]
[Black "Noe, Christopher"]
[Result "0-1"]
[WhiteElo "2446"]
[BlackElo "2332"]
[PlyCount "78"]
[EventDate "2014.??.??"]

1. d4 Nf6 2. Nf3 g6 3. c4 Bg7 4. Nc3 O-O 5. e4 d6 6. Be2 e5 7. Be3 exd4 8. Nxd4
Re8 9. f3 Nc6 10. Qd2 Nh5 11. O-O Nf4 12. Nxc6 Nxe2+ 13. Nxe2 bxc6 14. Bd4 c5
15. Bxg7 Kxg7 16. Rad1 Bb7 17. Rfe1 Bc6 18. Nc3 Qf6 19. Qc2 Rab8 20. Re2 Rb4
21. b3 a5 22. a3 Rb6 23. a4 Reb8 24. Nb5 Bxb5 25. cxb5 c6 26. bxc6 Rxc6 27.
Red2 Rb4 28. Rd5 Rcb6 29. Qd2 Rxb3 30. Qxa5 c4 31. R5d2 c3 32. Rc2 Rb1 33. Qd5
R6b2 34. Qd3 d5 35. Rcc1 Rxc1 36. Rxc1 d4 37. Rd1 Qg5 38. g3 c2 39. Qxd4+ Kh6
0-1

[Event "BL 1415 SC Eppingen - Schachfr. Berlin"]
[Site "?"]
[Date "2014.10.18"]
[Round "1.8"]
[White "Reimold, Jonas"]
[Black "Thiede, Lars"]
[Result "0-1"]
[WhiteElo "2023"]
[BlackElo "2443"]
[PlyCount "96"]
[EventDate "2014.??.??"]

1. e4 g6 2. d4 Bg7 3. Nc3 d6 4. Be3 Nf6 5. f3 O-O 6. Bc4 Nc6 7. a3 e5 8. Nge2
Nd7 9. O-O Nb6 10. Ba2 Bd7 11. Nd5 Nxd5 12. Bxd5 Qc8 13. Qd2 Ne7 14. Ba2 Be6
15. Bxe6 Qxe6 16. d5 Qd7 17. c4 f5 18. b4 f4 19. Bf2 g5 20. c5 g4 21. Qd3 gxf3
22. gxf3 Bf6 23. Kh1 Kh8 24. Rg1 Ng6 25. Rg4 Be7 26. Nc3 a5 27. cxd6 Bxd6 28.
b5 b6 29. a4 Rg8 30. Rag1 Qf7 31. Qf1 Rg7 32. Qh3 Rag8 33. Qh5 Qe7 34. Qh3 Bc5
35. Qf1 Bxf2 36. Qxf2 Qb4 37. Qd2 Nh4 38. Rxg7 Rxg7 39. Rxg7 Kxg7 40. Qd3 Qa3
41. Kg1 Qb2 42. Kf1 Qg2+ 43. Ke1 Nxf3+ 44. Kd1 Qg1+ 45. Ke2 Nd4+ 46. Kd2 Qxh2+
47. Kc1 Qg3 48. Qc4 Qxc3+ 0-1

[Event "BL 1415 OSG Baden Baden - USV TU Dresde"]
[Site "?"]
[Date "2014.10.18"]
[Round "1.5"]
[White "Socko, Bartosz"]
[Black "Movsesian, Sergei"]
[Result "1/2-1/2"]
[WhiteElo "2611"]
[BlackElo "2657"]
[PlyCount "42"]
[EventDate "2014.??.??"]

1. d4 Nf6 2. c4 e6 3. Nf3 d5 4. Nc3 Bb4 5. Qb3 c5 6. dxc5 Na6 7. Bg5 Qa5 8.
Bxf6 Nxc5 9. Qc2 gxf6 10. cxd5 Na4 11. Rc1 Bd7 12. dxe6 fxe6 13. Nd2 Rc8 14.
Ndb1 Nxc3 15. bxc3 Ba3 16. Nxa3 Qxa3 17. c4 Qb4+ 18. Qd2 Rxc4 19. Rxc4 Qxc4 20.
e3 Qc6 21. f3 Ke7 1/2-1/2

[Event "BL 1415 OSG Baden Baden - USV TU Dresde"]
[Site "?"]
[Date "2014.10.18"]
[Round "1.6"]
[White "Meier, Georg"]
[Black "Maiwald, Jens-Uwe"]
[Result "1-0"]
[WhiteElo "2647"]
[BlackElo "2471"]
[PlyCount "41"]
[EventDate "2014.??.??"]

1. Nf3 Nf6 2. g3 g6 3. Bg2 Bg7 4. O-O O-O 5. d4 d6 6. b3 e5 7. dxe5 dxe5 8. Ba3
Qxd1 9. Rxd1 Re8 10. Nc3 e4 11. Nd4 a6 12. Na4 b6 13. c4 Bb7 14. Rac1 Nc6 15.
Nc2 Ng4 16. h3 Nge5 17. Bxe4 Nxc4 18. Bg2 N4a5 19. e3 Rad8 20. Rxd8 Rxd8 21.
Nb4 1-0

[Event "BL 1415 OSG Baden Baden - USV TU Dresde"]
[Site "?"]
[Date "2014.10.18"]
[Round "1.7"]
[White "Wegener, Dirk  Dr"]
[Black "Dautov, Rustem"]
[Result "0-1"]
[WhiteElo "2351"]
[BlackElo "2604"]
[PlyCount "104"]
[EventDate "2014.??.??"]

1. e4 c6 2. d4 d5 3. Nd2 dxe4 4. Nxe4 Bf5 5. Ng3 Bg6 6. h4 h6 7. Nf3 Nd7 8. h5
Bh7 9. Bd3 Bxd3 10. Qxd3 e6 11. Bd2 Ngf6 12. O-O-O Be7 13. Kb1 O-O 14. Ne4 c5
15. dxc5 Nxc5 16. Qxd8 Rfxd8 17. Nxf6+ Bxf6 18. Be3 Na4 19. c3 Rxd1+ 20. Rxd1
Bxc3 21. b3 Nb6 22. Bxb6 axb6 23. Rd7 Rb8 24. Nd2 b5 25. Ne4 Bb4 26. g4 Kf8 27.
Nd6 Bxd6 28. Rxd6 b6 29. Rd7 Ke8 30. Rc7 Rd8 31. Rc6 Rd4 32. Rxb6 b4 33. f3 Rf4
34. Rd6 Ke7 35. Rd3 e5 36. a4 bxa3 37. Ka2 f5 38. Kxa3 fxg4 39. fxg4 Rxg4 40.
b4 Rg5 41. Rh3 Kd6 42. Ka4 e4 43. Kb3 Kd5 44. Rc3 Kd4 45. Rc4+ Kd3 46. Rc3+ Kd2
47. Rc2+ Kd1 48. Rc7 e3 49. Rd7+ Ke1 50. Kc4 e2 51. b5 Rg4+ 52. Kd3 Rg3+ 0-1

[Event "BL 1415 OSG Baden Baden - USV TU Dresde"]
[Site "?"]
[Date "2014.10.18"]
[Round "1.8"]
[White "Schlosser, Philipp"]
[Black "Neef, Maximilian"]
[Result "1/2-1/2"]
[WhiteElo "2570"]
[BlackElo "2353"]
[PlyCount "47"]
[EventDate "2014.??.??"]

1. c4 g6 2. Nf3 Bg7 3. e4 d6 4. d4 Nf6 5. Nc3 O-O 6. Be2 e5 7. O-O Nc6 8. d5
Ne7 9. b4 a5 10. bxa5 c5 11. a4 Rxa5 12. Ra3 Ra6 13. Ne1 Nd7 14. Nd3 f5 15. f4
Nb6 16. Qb3 fxe4 17. Nxe4 Nf5 18. Qa2 Nd4 19. Bd1 Bf5 20. Re1 Nd7 21. fxe5 Bxe4
22. Rxe4 Nxe5 23. Bf4 Qf6 24. Nf2 1/2-1/2

[Event "BL 1415 SG Solingen - Bayern München"]
[Site "?"]
[Date "2014.10.18"]
[Round "1.1"]
[White "Schenk, Andreas"]
[Black "Ragger, Markus"]
[Result "1/2-1/2"]
[WhiteElo "2491"]
[BlackElo "2658"]
[PlyCount "55"]
[EventDate "2014.??.??"]

1. d4 Nf6 2. c4 g6 3. Nc3 d5 4. Bf4 Bg7 5. e3 O-O 6. cxd5 Nxd5 7. Nxd5 Qxd5 8.
Bxc7 Na6 9. Bxa6 Qxg2 10. Qf3 Qxf3 11. Nxf3 bxa6 12. Rc1 f6 13. Rg1 Rf7 14. Ke2
Bd7 15. Rc2 Rc8 16. Rc3 Bf8 17. Ba5 Rb8 18. b4 Rb5 19. a3 Rf5 20. Nh4 Rh5 21.
Nf3 e5 22. Bc7 Rf5 23. Rg3 a5 24. Bxa5 Bd6 25. dxe5 Bb5+ 26. Ke1 fxe5 27. Ng5
Rd7 28. Ne4 1/2-1/2

[Event "BL 1415 SG Solingen - Bayern München"]
[Site "?"]
[Date "2014.10.18"]
[Round "1.2"]
[White "Sandipan, Chanda"]
[Black "Belezky, Alexander"]
[Result "1-0"]
[WhiteElo "2603"]
[BlackElo "2451"]
[PlyCount "59"]
[EventDate "2014.??.??"]

1. d4 e6 2. e4 d5 3. e5 c5 4. c3 Nc6 5. Nf3 Bd7 6. Be2 cxd4 7. cxd4 Nge7 8. Nc3
Nf5 9. O-O Be7 10. Bd3 g6 11. Bxf5 gxf5 12. Bf4 Na5 13. b3 Rc8 14. Rc1 Rg8 15.
Qd2 b5 16. Ne2 b4 17. Ng3 Bb5 18. Rxc8 Qxc8 19. Rc1 Qd8 20. Nh5 Nc6 21. Nf6+
Bxf6 22. exf6 Qb6 23. Ne5 a5 24. Qc2 Nxe5 25. Qc8+ Qd8 26. Bxe5 Bd7 27. Qa6 Rg6
28. Rc7 Rxf6 29. Rxd7 Kxd7 30. Qd6+ 1-0